000 00258nam a22000857a 4500
008 160820b xxu||||| |||| 00| 0 eng d
100 _9190
_aNair P.M
245 _aThe Kalam Effect: My years with the president
260 _aNew Delhi
_bHarper Collins publication
_c2011
999 _c2848
_d2848